|
|
|
|
| LEADER |
01102nam a2200265 a 4500 |
| 001 |
3050791 |
| 008 |
090820s1996 enka b 001 0 eng d |
| 010 |
|
|
|a 96003887
|
| 020 |
|
|
|a 0521562090
|
| 020 |
|
|
|a 0521566819 (pbk.)
|
| 040 |
|
|
|a DLC
|c DLC
|d DLC
|
| 082 |
0 |
0 |
|a 428/.0076
|2 20
|
| 100 |
1 |
|
|a Genesee, Fred.
|
| 245 |
1 |
0 |
|a Classroom-based evaluation in second language education /
|c Fred Genesee, John A. Upshur.
|
| 260 |
|
|
|a Cambridge [England] ;
|a New York :
|b Cambridge University Press,
|c 1996.
|
| 300 |
|
|
|a xiii, 268 p. :
|b ill. ;
|c 24 cm.
|
| 490 |
0 |
|
|a Cambridge language education
|
| 504 |
|
|
|a Includes bibliographical references and index.
|
| 541 |
1 |
|
|e 00012391
|
| 650 |
|
0 |
|a Language and languages
|x Ability testing.
|
| 650 |
|
0 |
|a Language and languages
|x Examinations.
|
| 700 |
1 |
|
|a Upshur, John A.,
|d 1933-
|
| 852 |
4 |
|
|a Ayesha Abed Library
|j General Shelf.
|
| 999 |
|
|
|c 3493
|d 3493
|
| 952 |
|
|
|0 0
|1 0
|2 ddc
|4 0
|6 428_007600000000000_GEN
|7 0
|9 3173
|a BRACUL
|b BRACUL
|c GEN
|d 2009-09-01
|g 0.00
|l 5
|m 1
|o 428.0076 GEN
|p 3010012391
|r 2026-01-17
|s 2026-01-06
|t 1
|w 2009-09-01
|y BK
|x No price found in the accession register.
|